000 00501nam a2200181Ia 4500
008 240925s9999 xx 000 0 und d
020 _a8120323556
082 _a004.6 STA
100 _aPrabhu, C.S. R.
245 0 _aData and Computer Communications
250 _a7th
260 _aNew Delhi:
_bPearson Printice Hall
_c,2004.
300 _axx,466p.
_bNA
_fPirated
500 _aIncludes Index
600 _aComputer Science
650 _aComputer science, information & general works
942 _cBK
999 _c7984
_d7984